| 000 | 00724nam a22002057a 4500 | ||
|---|---|---|---|
| 003 | BD-DhUL | ||
| 005 | 20170517090820.0 | ||
| 008 | 170517s1996 ii ||||| b||| 00| 0 ben c | ||
| 020 | _a8172933894 | ||
| 035 | _aBD-DhUL | ||
| 040 | _cBD-DhUL | ||
| 082 |
_a891.44 _bALR |
||
| 100 | 1 | _aমুজতবা আলী, সৈয়দ | |
| 245 | 1 | 0 |
_aসৈয়দ মুজতবা আলী রচনাবলী / _cসৈয়দ মুজতবা আলী |
| 260 |
_aকলিকাতা : _bমিত্র ও ঘোষ, _c১৯৯৬ |
||
| 300 |
_aখ. ; _bচিত্র ; _c২১ সেমি |
||
| 650 | 0 | _a বাংলা সাহিত্য | |
| 650 | 0 | _aBangla Literature | |
| 942 |
_2ddc _cBK |
||
| 999 |
_c198142 _d198142 |
||